000 00869pam a2200265 4500
001 013032928
003 OSt
005 20150408113958.0
008 111213s2009 enka b 001 0 eng c
020 _a9780199556106
040 _aStDuBDS
_cMU
042 _aukscp
082 0 4 _a823.8 D T G
_222
100 1 _aDolin, Tim,
_d1959-
_98292
245 1 0 _aGeorge Eliot /
_cTim Dolin.
260 _aOxford :
_bOxford University Press,
_cc2005.
300 _axviii, 284 p. :
_bill. ;
_c20 cm.
490 1 _aOxford world's classics.
500 _aFormerly CIP.
_5Uk
504 _aIncludes bibliographical references and index.
600 1 0 _aEliot, George,
_d1819-1880
_xCriticism and interpretation.
_98293
830 0 _aOxford world's classics (Oxford University Press).
_pAuthors in context
_98044
942 _2ddc
_cDVD
999 _c19713
_d254213